000
00292nam a22001337a 4500
008
171014b xxu||||| |||| 00| 0 eng d
020
_a
9781464103926
041
_a
eng
080
_a
330.101.541
100
_a
52
101
_a
MAK
245
_a
MACROECONOMICS
_c
KRUGMAN, P
942
_2
udc
_c
BK
999
_c
33890
_d
33890